000
00344pam a2200133 a 4500
020
_c
041
_a
eng
082
_b
JAI,PIR
100
_a
अशोक जैन,गीता पिरामल .
245
_a
बिझनेस महाराजे
_h
Textual Documents
260
_a
Pune
_b
Mehta
_c
1999
300
_a
329p.
930
_a
17516
999
_c
94416
_d
94416